[Event "LSS SN-2009-0-00175"]
[Site "LSS email"]
[Date "2009.08.14"]
[Round "?"]
[White "Markovic, Dejan"]
[Black "Kaupat, Heike"]
[Result "1-0"]
[WhiteElo "1164"]
[BlackElo "908"]
[PlyCount "37"]
[EventDate "2009.07.25"]
[EventType "tourn (corr)"]
[EventRounds "6"]
[EventCountry "GER"]
[SourceTitle "Corr 2011"]
[Source "ChessBase"]
[SourceDate "2010.08.31"]
[SourceVersion "1"]
[SourceVersionDate "2010.08.31"]
[SourceQuality "1"]

1. e4 e5 2. Nf3 Nf6 3. Nxe5 d6 4. Nf3 Nxe4 5. Qe2 Qe7 6. Nc3 Nxc3 7. dxc3 Qxe2+ 8. Bxe2 Be7 9. Bf4 0-0 10. 0-0-0 Nc6 11. Rhe1 Bg4 12. Nd4 Bxe2 13. Nxc6 bxc6 14. Rxe2 Bf6 15. Rde1 Rab8 16. h3 a5 17. a4 Rb7 18. Re3 Rfb8 19. Re8+ 1-0

[Event "LSS SN-2009-0-00175"]
[Site "LSS email"]
[Date "2009.08.14"]
[Round "?"]
[White "Markovic, Dejan"]
[Black "Razo, Ryan Jose"]
[Result "1/2-1/2"]
[WhiteElo "1209"]
[BlackElo "914"]
[PlyCount "28"]
[EventDate "2009.07.25"]
[EventType "tourn (corr)"]
[EventRounds "6"]
[EventCountry "GER"]
[SourceTitle "Corr 2013"]
[Source "ChessBase"]
[SourceDate "2012.11.12"]
[SourceVersion "1"]
[SourceVersionDate "2012.11.12"]
[SourceQuality "1"]
[WhiteTeam "US of America"]
[BlackTeam "US of America"]
[WhiteTeamCountry "USA"]
[BlackTeamCountry "USA"]

1. e4 e6 2. d4 d5 3. Nd2 Nf6 4. e5 Nfd7 5. Ngf3 b6 6. Bd3 Ba6 7. Bxa6 Nxa6 8. 0-0 c5 9. Qe2 Nc7 10. dxc5 bxc5 11. Nb3 Be7 12. Na5 Nb8 13. Be3 Qc8 14. h3 Qa6 1/2-1/2

[Event "LSS ZN-2009-0-00660"]
[Site "LSS email"]
[Date "2009.07.08"]
[Round "?"]
[White "Markovic, Dejan"]
[Black "Sinygovsky, Vladimir"]
[Result "1/2-1/2"]
[WhiteElo "800"]
[BlackElo "930"]
[PlyCount "68"]
[EventDate "2009.07.04"]
[EventType "match (corr)"]
[EventRounds "2"]
[EventCountry "GER"]
[SourceTitle "Corr 2011"]
[Source "ChessBase"]
[SourceDate "2010.08.31"]
[SourceVersion "1"]
[SourceVersionDate "2010.08.31"]
[SourceQuality "1"]

1. e4 Nf6 2. e5 Nd5 3. Nc3 Nxc3 4. dxc3 d6 5. Nf3 Nc6 6. Bb5 g6 7. exd6 cxd6 8. 0-0 Bg7 9. Qd5 0-0 10. Bxc6 bxc6 11. Qxc6 Rb8 12. Qc4 Bb7 13. Nd4 Qb6 14. Rd1 e5 15. Nb3 Rfc8 16. Qh4 Qc6 17. Qh3 Ba6 18. Bh6 Bf6 19. Rd2 Be7 20. Qe3 Rc7 21. Re1 Rbc8 22. f4 f6 23. fxe5 dxe5 24. Qf2 Qa4 25. Be3 Bc4 26. Nc1 Qa6 27. Red1 Bxa2 28. b3 Rxc3 29. Nd3 Qb5 30. Bxa7 R8c7 31. Bb6 Rd7 32. Ne1 Rb7 33. Ba7 Qc6 34. Kh1 f5 1/2-1/2

[Event "LSS ZN-2009-0-00660"]
[Site "LSS email"]
[Date "2009.07.08"]
[Round "?"]
[White "Sinygovsky, Vladimir"]
[Black "Markovic, Dejan"]
[Result "1/2-1/2"]
[WhiteElo "930"]
[BlackElo "800"]
[PlyCount "51"]
[EventDate "2009.07.04"]
[EventType "match (corr)"]
[EventRounds "2"]
[EventCountry "GER"]
[SourceTitle "Corr 2011"]
[Source "ChessBase"]
[SourceDate "2010.08.31"]
[SourceVersion "1"]
[SourceVersionDate "2010.08.31"]
[SourceQuality "1"]

1. a3 e5 2. Nf3 e4 3. Nd4 d5 4. d3 Nf6 5. Bf4 Bd6 6. Bxd6 Qxd6 7. Nc3 0-0 8. Qd2 exd3 9. Qxd3 c5 10. Nf3 Qe6 11. 0-0-0 Ng4 12. Qxd5 Nxf2 13. Qxc5 Nxd1 14. Kxd1 Rd8+ 15. Kc1 Na6 16. Qf2 b5 17. Nd4 Qh6+ 18. Kb1 b4 19. axb4 Nxb4 20. e3 Qb6 21. Bc4 Qc7 22. Bb3 Ba6 23. Qh4 Bc4 24. Ndb5 Bxb5 25. Nxb5 Qc5 26. Nd4 1/2-1/2

[Event "SRB-chT 1st League"]
[Site "Vrnjacka Banja"]
[Date "2007.09.16"]
[Round "2.5"]
[White "Markovic, Dejan"]
[Black "Tosic, Nebojsa"]
[Result "1-0"]
[WhiteElo "2309"]
[BlackElo "2227"]
[PlyCount "83"]
[EventDate "2007.09.08"]
[EventType "team"]
[EventRounds "11"]
[EventCountry "SRB"]
[SourceTitle "EXT 2012"]
[Source "ChessBase"]
[SourceDate "2011.11.24"]
[SourceVersion "1"]
[SourceVersionDate "2011.11.24"]
[SourceQuality "1"]
[WhiteTeam "Progres"]
[BlackTeam "Pozarevac"]
[WhiteTeamCountry "SRB"]
[BlackTeamCountry "SRB"]

1. d4 Nf6 2. Nf3 c5 3. c3 b6 4. g3 Bb7 5. Bg2 g6 6. 0-0 Bg7 7. Bg5 d6 8. Re1 Nbd7 9. Nbd2 h6 10. Bxf6 Nxf6 11. e4 0-0 12. dxc5 bxc5 13. e5 Ne8 14. exd6 Nxd6 15. Qe2 Re8 16. Ne5 Bxg2 17. Kxg2 Qc7 18. Ndf3 Rab8 19. b3 Rbc8 20. c4 Ra8 21. Rad1 a5 22. Rd5 a4 23. Qe3 Ra5 24. Nd3 axb3 25. axb3 Nf5 26. Qf4 Qb6 27. g4 Nd4 28. Nfe5 f5 29. Nxc5 e6 30. Qxd4 exd5 31. Qxd5+ Kh7 32. Ned7 Qd8 33. Nf6+ Qxf6 34. Rxe8 h5 35. Qg8+ Kh6 36. Ne6 fxg4 37. Qxg7+ Qxg7 38. Nxg7 Kxg7 39. b4 Ra1 40. b5 Kf7 41. Rb8 Rc1 42. b6 1-0

[Event "Nis Easter"]
[Site "Nis"]
[Date "2007.04.25"]
[Round "7"]
[White "Petkovic, Dragoslav"]
[Black "Markovic, Dejan"]
[Result "1/2-1/2"]
[WhiteElo "2296"]
[BlackElo "2271"]
[PlyCount "20"]
[EventDate "2007.04.19"]
[EventType "schev"]
[EventRounds "8"]
[EventCountry "YUG"]
[SourceTitle "EXT 2008"]
[Source "ChessBase"]
[SourceDate "2007.11.25"]
[SourceVersion "1"]
[SourceVersionDate "2007.11.25"]
[SourceQuality "1"]

1. Nf3 d5 2. g3 Nf6 3. Bg2 g6 4. 0-0 Bg7 5. d3 0-0 6. c3 c6 7. Re1 Re8 8. Qc2 Nbd7 9. e4 dxe4 10. dxe4 e5 1/2-1/2

[Event "Nis Lokomotiva"]
[Site "Nis"]
[Date "2007.03.21"]
[Round "3"]
[White "Markovic, Dejan"]
[Black "Djukic, Nebojsa"]
[Result "1-0"]
[WhiteElo "2271"]
[BlackElo "2151"]
[PlyCount "113"]
[EventDate "2007.03.19"]
[EventType "tourn"]
[EventRounds "10"]
[EventCountry "SRB"]
[SourceTitle "EXT 2023"]
[Source "ChessBase"]
[SourceDate "2022.10.05"]
[SourceVersion "1"]
[SourceVersionDate "2022.10.05"]
[SourceQuality "1"]

1. d4 e6 2. Nf3 Nf6 3. c4 b6 4. g3 Bb7 5. Bg2 c5 6. 0-0 cxd4 7. Nxd4 Bxg2 8. Kxg2 a6 9. Bg5 Be7 10. Nc3 Qc7 11. Qd3 Nc6 12. b3 Rc8 13. Rac1 0-0 14. e3 Nxd4 15. exd4 h6 16. Bxf6 Bxf6 17. Ne4 Qb7 18. Qf3 Kh8 19. Nxf6 Qxf3+ 20. Kxf3 gxf6 21. c5 bxc5 22. dxc5 Rc7 23. Rfd1 Rfc8 24. Rd6 Kg7 25. b4 a5 26. a3 axb4 27. axb4 Rb8 28. Rc4 Kf8 29. Ke3 Ke7 30. Kd4 f5 31. f4 h5 32. Kc3 Ra7 33. Rcd4 Rbb7 34. Kc4 Ra4 35. Rb6 Rc7 36. Rd2 Ra3 37. Kb5 h4 38. gxh4 Rf3 39. Rd4 Rh3 40. c6 Rxc6 41. Rxc6 dxc6+ 42. Kxc6 Rxh4 43. b5 Rxh2 44. Rc4 f6 45. b6 e5 46. fxe5 fxe5 47. Rc5 Ke6 48. b7 Rh8 49. Kb6 Rb8 50. Rc8 Rxb7+ 51. Kxb7 e4 52. Kc6 Ke5 53. Kc5 Kf4 54. Kd4 Kf3 55. Rc3+ Kf2 56. Ra3 Ke2 57. Ke5 1-0

[Event "IECG QN.2005.0.00353 email"]
[Site "IECG email"]
[Date "2005.03.04"]
[Round "?"]
[White "Markovic, Dejan"]
[Black "Hendershot, Paul"]
[Result "1-0"]
[WhiteElo "800"]
[BlackElo "757"]
[PlyCount "45"]
[EventDate "2005.03.04"]
[EventType "tourn (corr)"]
[EventRounds "6"]
[SourceTitle "Corr 2008"]
[Source "ChessBase"]
[SourceDate "2008.06.24"]
[SourceVersion "1"]
[SourceVersionDate "2008.06.24"]
[SourceQuality "1"]

1. e4 e5 2. Nf3 d6 3. d4 Nc6 4. dxe5 Be6 5. Bb5 Bd7 6. exd6 Bxd6 7. 0-0 Qf6 8. Bxc6 Bxc6 9. e5 Bxe5 10. Nxe5 Qe7 11. Nxc6 Qc5 12. Re1+ Kf8 13. Ne5 Nf6 14. Bg5 Qd6 15. Nc3 Rd8 16. Nb5 Qxd1 17. Raxd1 Rxd1 18. Rxd1 Ke7 19. Nxc7 Rc8 20. Rd7+ Kf8 21. Rxf7+ Kg8 22. Ne6 Rxc2 23. Rf8# 1-0

[Event "YUG Cup"]
[Site "Ulcinj"]
[Date "1997.??.??"]
[Round "?"]
[White "Lazic, Miroljub"]
[Black "Markovic, Dejan"]
[Result "1-0"]
[WhiteElo "2455"]
[BlackElo "2225"]
[PlyCount "165"]
[EventDate "1997.??.??"]
[EventType "team-tourn"]
[EventRounds "7"]
[EventCountry "YUG"]
[SourceTitle "EXT 1999"]
[Source "ChessBase"]
[SourceDate "1998.11.16"]
[SourceVersion "1"]
[SourceVersionDate "1998.11.16"]
[SourceQuality "1"]

1. g3 d5 2. Nf3 Nf6 3. Bg2 g6 4. 0-0 Bg7 5. d3 0-0 6. Nbd2 Re8 7. e4 Bg4 8. h3 Bxf3 9. Qxf3 dxe4 10. dxe4 e5 11. a4 Nbd7 12. a5 b5 13. c4 a6 14. Qe2 Rb8 15. cxb5 axb5 16. a6 c6 17. Nb3 Nb6 18. Na5 Qc7 19. Be3 Na4 20. a7 Ra8 21. Rfc1 Qxa5 22. b3 Rec8 23. bxa4 b4 24. Rc5 Qc7 25. Rc4 Bf8 26. Rac1 Qb7 27. Qc2 c5 28. Bxc5 Bxc5 29. Rxc5 Rxc5 30. Qxc5 Nd7 31. Qe7 Qxa7 32. Bf1 b3 33. Bc4 b2 34. Bxf7+ Kh8 35. Rb1 Qxa4 36. Bd5 Rb8 37. Kg2 Qa1 38. Rxb2 Qxb2 39. Qxd7 Rf8 40. Bf7 Qd4 41. Qe7 Rxf7 42. Qxf7 Qd6 43. Qd5 Qc7 44. h4 Kg7 45. Qd2 h6 46. Qd5 h5 47. Qd2 Qb7 48. Qe3 Qb1 49. Qa7+ Kh6 50. Qa8 Kg7 51. Qc6 Qb2 52. Qc7+ Kf6 53. Qd7 Qb4 54. Qc6+ Kf7 55. Qd5+ Kf6 56. Qd3 Qb2 57. Qd8+ Kf7 58. Qd1 Ke7 59. Qf3 Qa1 60. Qe3 Qb2 61. g4 hxg4 62. Kg3 Qa1 63. Kxg4 Qg1+ 64. Qg3 Qd1+ 65. f3 Kf6 66. h5 g5 67. Qf2 Qb1 68. Qh2 Qc1 69. h6 Qc8+ 70. Kg3 Qc1 71. Qf2 Qf4+ 72. Kg2 Kg6 73. Qb6+ Kh7 74. Qe6 Qd2+ 75. Kh3 Qf2 76. Qf6 Qh4+ 77. Kg2 Qxh6 78. Qxe5 Qg6 79. Kg3 Qh5 80. Qf6 Qh4+ 81. Kg2 Qh5 82. Qf5+ Kh6 83. Qh3 1-0

[Event "YUG-chT"]
[Site "Vrnjacka Banja"]
[Date "1996.??.??"]
[Round "?"]
[White "Skoko, Milan"]
[Black "Markovic, Dejan"]
[Result "1-0"]
[WhiteElo "2215"]
[BlackElo "2230"]
[PlyCount "115"]
[EventDate "1996.??.??"]
[EventType "team-tourn"]
[EventRounds "11"]
[EventCountry "YUG"]
[SourceTitle "EXT 2000"]
[Source "ChessBase"]
[SourceDate "1999.11.16"]
[SourceVersion "1"]
[SourceVersionDate "1999.11.16"]
[SourceQuality "1"]

1. e4 c6 2. d4 d5 3. exd5 cxd5 4. c4 Nf6 5. Nc3 Nc6 6. Nf3 Bg4 7. cxd5 Nxd5 8. Qb3 Bxf3 9. gxf3 e6 10. Qxb7 Nxd4 11. Bb5+ Nxb5 12. Qc6+ Ke7 13. Qxb5 Qd7 14. Nxd5+ Qxd5 15. Qxd5 exd5 16. 0-0 Ke6 17. Re1+ Kf5 18. Rd1 Rd8 19. Be3 Rd7 20. Rac1 Be7 21. Rd4 Bf6 22. Rf4+ Ke6 23. b3 Ra8 24. Ra4 d4 25. Bd2 a6 26. Kf1 g5 27. Rc6+ Rd6 28. Rxd6+ Kxd6 29. Ke2 h6 30. Kd3 Ke6 31. b4 Bd8 32. b5 a5 33. Rxd4 Bb6 34. Re4+ Kd5 35. Be3 f5 36. Rc4 Bxe3 37. fxe3 a4 38. Kc3 Re8 39. e4+ fxe4 40. fxe4+ Ke5 41. Kb4 h5 42. Kxa4 Ra8+ 43. Kb3 h4 44. a4 g4 45. Kb4 g3 46. hxg3 hxg3 47. a5 g2 48. Rc1 Rg8 49. Rg1 Kd6 50. a6 Kc7 51. Ka5 Rg5 52. e5 Rg3 53. b6+ Kb8 54. Kb5 Rg5 55. Kc6 Rg3 56. a7+ Ka8 57. b7+ Kxa7 58. Ra1+ 1-0

[Event "YUG-chT2"]
[Site "Tivat"]
[Date "1995.??.??"]
[Round "6"]
[White "Karaklajic, Nikola"]
[Black "Markovic, Dejan"]
[Result "1-0"]
[WhiteElo "2375"]
[BlackElo "2260"]
[PlyCount "77"]
[EventDate "1995.??.??"]
[EventType "team-tourn"]
[EventRounds "11"]
[EventCountry "YUG"]
[SourceTitle "EXT 2002"]
[Source "ChessBase"]
[SourceDate "2001.11.25"]
[SourceVersion "1"]
[SourceVersionDate "2001.11.25"]
[SourceQuality "1"]

1. e4 c6 2. d4 d5 3. exd5 cxd5 4. c4 Nf6 5. Nc3 e6 6. Nf3 Be7 7. cxd5 Nxd5 8. Bd3 0-0 9. 0-0 Nc6 10. a3 Bf6 11. Re1 g6 12. Bh6 Bg7 13. Qd2 Re8 14. Bg5 Qd7 15. Be4 Nf6 16. Rad1 Ne7 17. Ne5 Qd8 18. Qf4 Ned5 19. Qf3 Nxc3 20. bxc3 h6 21. Bxf6 Bxf6 22. Bxb7 Bxb7 23. Qxb7 Bxe5 24. Rxe5 Qb6 25. Rb5 Qd6 26. Rc5 e5 27. Rxe5 Qxa3 28. Qf3 a5 29. h4 Rad8 30. Rxe8+ Rxe8 31. h5 gxh5 32. d5 a4 33. d6 Qc5 34. Rd5 Qa7 35. d7 Rd8 36. Qxh5 Qa6 37. Qg4+ Qg6 38. Qxa4 Qe6 39. Qd4 1-0

[Event "YUG-chT2"]
[Site "Yugoslavia"]
[Date "1994.??.??"]
[Round "2"]
[White "Markovic, Dejan"]
[Black "Djukic, Zeljko"]
[Result "1/2-1/2"]
[WhiteElo "2240"]
[BlackElo "2360"]
[PlyCount "88"]
[EventDate "1994.??.??"]
[EventType "team-tourn"]
[EventRounds "11"]
[EventCountry "YUG"]
[SourceTitle "EXT 1997"]
[Source "ChessBase"]
[SourceDate "1996.11.15"]
[SourceVersion "1"]
[SourceVersionDate "1996.11.15"]
[SourceQuality "1"]

1. d4 d5 2. Nf3 Nf6 3. c4 dxc4 4. Nc3 a6 5. a4 e6 6. e3 c5 7. Bxc4 Nc6 8. dxc5 Qxd1+ 9. Kxd1 Bxc5 10. Ke2 b6 11. b3 Bb7 12. Ba3 Bxa3 13. Rxa3 Ke7 14. Rd1 Rac8 15. Nd2 Rhd8 16. Raa1 Nb4 17. Na2 Nxa2 18. Rxa2 Nd7 19. Nf3 Nc5 20. Rxd8 Rxd8 21. Ne1 h6 22. f3 Rc8 23. Nd3 Nxd3 24. Bxd3 Kd6 25. Kd2 g5 26. Rc2 Rxc2+ 27. Kxc2 a5 28. Kc3 h5 29. Be2 h4 30. g3 f6 31. gxh4 gxh4 32. f4 e5 33. fxe5+ Kxe5 34. Bd3 Bd5 35. Bc2 f5 36. Kd2 Kf6 37. Ke2 Kg5 38. Kf2 Kf6 39. Ke2 Ke5 40. Kd2 Bf7 41. Ke2 Bh5+ 42. Ke1 Bf7 43. Kd2 Be6 44. Ke2 Bd5 1/2-1/2